000 01076nam a22003257a 4500
003 CHAP
005 20220329135411.0
008 971013s1984 r 00010 d
010 _a35791
011 _a36763
035 _a40882
040 _cCHAP
082 _a581.1592
_bO77
110 _aOrganismo Internacional de Energía Atómica
_983512
245 _aSelection in mutation breeding
_b: proceedings of a consultants meeting...
260 _aVienna :
_bOIEA,
_c1984
300 _a180 p.
_b: ilus. ; gráfs.
490 _aPanel proceedings series
590 _aBATCH-UPD
_b10
_c20130110
_lUCH01
_h0020
590 _aBATCH-UPD
_b10
_c20130110
_lUCH01
_h0933
590 _aBATCH-UPD
_b10
_c20130410
_lUCH01
_h0551
590 _aBATCH-UPD
_b10
_c20130914
_lUCH01
_h1835
590 _aCONVERSION
_b10
_c20130109
_lUCH01
_h1320
650 1 4 _aMutación en plantas.
_979907
650 1 4 _aPlantas
_xMejoramiento.
_988849
830 0 _aPanel proceedings series
_985079
901 _aBK
942 _cLIBRO
949 _a581.1592 O77
_bBC
_cLIBRO
_d33724000545091
_eLIBRO
_h66018
_i40882
_si
999 _c35791
_d35791